5HLuxD.jpg

KING HENRY VIII SENIOR AND PRIMARY SCHOOL LIBRARY OPAC

Tales of the peculiar / (Record no. 757)

000 -LEADER
fixed length control field 01202pam a2200361 i 4500
001 - CONTROL NUMBER
control field 018467499
003 - CONTROL NUMBER IDENTIFIER
control field Uk
005 - DATE AND TIME OF LATEST TRANSACTION
control field 20191206115752.0
008 - FIXED-LENGTH DATA ELEMENTS--GENERAL INFORMATION
fixed length control field 170719r20172016enka j 000|j|eng|d
015 ## - NATIONAL BIBLIOGRAPHY NUMBER
National bibliography number GBB7E3668
Source bnb
016 7# - NATIONAL BIBLIOGRAPHIC AGENCY CONTROL NUMBER
Record control number 018467499
Source Uk
020 ## - INTERNATIONAL STANDARD BOOK NUMBER
International Standard Book Number 9780141371658
Qualifying information paperback
040 ## - CATALOGING SOURCE
Original cataloging agency StDuBDS
Language of cataloging eng
Transcribing agency StDuBDS
Modifying agency Uk
Description conventions rda
042 ## - AUTHENTICATION CODE
Authentication code ukblcatcopy
082 ## - DEWEY DECIMAL CLASSIFICATION NUMBER
Classification number FIC RIG
100 1# - MAIN ENTRY--PERSONAL NAME
Personal name Riggs, Ransom
Relator term author.
245 10 - TITLE STATEMENT
Title Tales of the peculiar /
Statement of responsibility, etc. Ransom Riggs, Millard Nullings, ; illustrations by Andrew Davidson.
264 #1 - PRODUCTION, PUBLICATION, DISTRIBUTION, MANUFACTURE, AND COPYRIGHT NOTICE
Place of production, publication, distribution, manufacture London :
Name of producer, publisher, distributor, manufacturer Penguin Books,
Date of production, publication, distribution, manufacture, or copyright notice [2017]
300 ## - PHYSICAL DESCRIPTION
Extent 190 pages :
Other physical details illustrations (black and white) ;
Dimensions 20 cm.
336 ## - CONTENT TYPE
Content type term text
Source rdacontent
336 ## - CONTENT TYPE
Content type term still image
Source rdacontent
337 ## - MEDIA TYPE
Media type term unmediated
Source rdamedia
338 ## - CARRIER TYPE
Carrier type term volume
Source rdacarrier
490 0# - SERIES STATEMENT
Series statement Miss Peregrine's peculiar children
500 ## - GENERAL NOTE
General note Originally published: 2016.
500 ## - GENERAL NOTE
General note Formerly CIP.
Institution to which field applies Uk
650 #0 - SUBJECT ADDED ENTRY--TOPICAL TERM
Topical term or geographic name entry element Fantasy fiction, American.
650 #0 - SUBJECT ADDED ENTRY--TOPICAL TERM
Topical term or geographic name entry element Young adult fiction, American.
700 1# - ADDED ENTRY--PERSONAL NAME
Personal name Davidson, Andrew,
Dates associated with a name 1958-
Relator term illustrator.
700 1# - ADDED ENTRY--PERSONAL NAME
Personal name Nullings, Millard
Relator term author.
Fuller form of name (fictional character)
942 ## - ADDED ENTRY ELEMENTS (KOHA)
Source of classification or shelving scheme
Koha item type Books - Fiction
Holdings
Withdrawn status Lost status Source of classification or shelving scheme Damaged status Not for loan Collection code Permanent Location Current Location Shelving location Date acquired Full call number Barcode Date last seen Price effective from Koha item type
          Fiction KH8 Senior School Library KH8 Senior School Library Fiction 2019-12-06 FIC RIG 3KHSL000101495 2024-07-22 2019-12-06 Books - Fiction

Powered By KH8 IT Dept